Statistics for Best Animated Feature Winners and Nominees

Click here to take the quiz!

General Stats

  • This quiz has been taken 8 times
    (2 since last reset)
  • The average score is 64 of 79

Answer Stats

Film % Correct
Shrek
100%
Shaun the Sheep Movie
100%
Rango
100%
Kung Fu Panda 2
100%
Jimmy Neutron: Boy Genius
100%
Frankenweenie
100%
ParaNorman
100%
Wreck-It Ralph
100%
Frozen
100%
Despicable Me 2
100%
How to Train Your Dragon 2
100%
Inside Out
100%
Anomalisa
100%
Zootopia
100%
Toy Story 3
100%
Kubo and the Two Strings
100%
Moana
100%
The Red Turtle
100%
Coco
100%
The Breadwinner
100%
Incredibles 2
100%
Isle of Dogs
100%
Ralph Breaks the Internet
100%
How to Train Your Dragon: The Hidden World
100%
I Lost My Body
100%
Klaus
100%
Missing Link
100%
How to Train Your Dragon
100%
Brave
100%
The Princess and the Frog
100%
Monster House
100%
Spirited Away
100%
Ice Age
100%
Lilo & Stitch
100%
Spirit: Stallion of the Cimarron
100%
Finding Nemo
100%
Brother Bear
100%
The Incredibles
100%
Shark Tale
100%
Shrek 2
100%
Howl's Moving Castle
100%
Corpse Bride
100%
Cars
100%
Happy Feet
100%
Ratatouille
100%
Surf's Up
100%
Fantastic Mr. Fox
100%
Coraline
100%
Up
100%
Kung Fu Panda
100%
Bolt
100%
WALL-E
100%
Toy Story 4
100%
The Tale of the Princess Kaguya
50%
The Secret of Kells
50%
Monsters, Inc.
50%
Ernest & Celestine
50%
The Illusionist
50%
The Wind Rises
50%
Mirai
50%
Treasure Planet
50%
Spider-Man: Into the Spider-Verse
50%
Loving Vincent
50%
Ferdinand
50%
Chico & Rita
50%
The Boss Baby
50%
Big Hero 6
50%
The Croods
50%
The Boxtrolls
50%
Wallace & Gromit: The Curse of the Were-Rabbit
50%
The Pirates! In an Adventure with Scientists!
50%
Boy and the World
50%
Song of the Sea
50%
Puss in Boots
50%
The Triplets of Belleville
0%
My Life as a Courgette
0%
A Cat in Paris
0%
When Marnie Was There
0%
Persepolis
0%

Score Distribution

Percentile by Number Answered

Percent of People with Each Score

Your Score History

You have not taken this quiz since the last reset